El budismo: su esencia y su desarrollo

Guardado en:
Detalles Bibliográficos
Autor principal: Conze, Edward (Autor)
Formato: Libro
Lenguaje:español
Publicado: Ciudad de México Fondo de Cultura Económica 1997
Colección:Breviarios, 275
Materias:
Etiquetas: Agregar Etiqueta
Sin Etiquetas, Sea el primero en etiquetar este registro!

MARC

LEADER 00000nam a2200000 a 4500
001 UCK8822
003 CL-VaPUC
008 060331e19970000MX |||||||||||||||||spa|d
020 |a 9681600100 
082 0 4 |a 294.3  |b CON  |2 21 
100 0 |a Conze, Edward  |e author  |9 498513 
245 1 3 |a El budismo: su esencia y su desarrollo 
300 |a 305 p 
942 |c BK 
945 |d 20060331 00:00:00  |a jtorresc 
260 |a Ciudad de México  |b Fondo de Cultura Económica  |c 1997 
650 7 |a BUDISMO  |2 CL-VaPUC  |9 498514 
650 7 |a RELIGIONES MODERNAS  |2 CL-VaPUC  |9 337686 
650 0 |a Religión   |9 255164 
650 7 |a CULTURAS CENTROASIATICAS  |2 CL-VaPUC  |9 349303 
583 |a last modification  |c 20060331 00:00:00  |k Rodrigo Vera 
490 0 |a Breviarios, 275 
999 |c 316227  |d 316225